Pozícia Bratislavy v celoeurópskej konkurencii lokalít
Časť porovnávacej prognostickej štúdie Empirica Delasasse Institut v Kolíne nad Rýnom o hospodárskych perspektívach vo vyše 400 lokalitách európskeho kontinentu, v ktorej najvyššie hodnotili región hlavného mesta SR Bratislavu.
Uložené v:
| Médium: | Kapitola |
|---|---|
| Jazyk: | Slovak |
| Predmet: | |
| Tagy: |
Žiadne tagy, Buďte prvý, kto otaguje tento záznam!
|
MARC
| LEADER | 00000naa a2200000 4500 | ||
|---|---|---|---|
| 001 | r024646 | ||
| 005 | 20221205090410.3 | ||
| 041 | 0 | |a slo | |
| 044 | |a SK | ||
| 245 | 1 | 0 | |a Pozícia Bratislavy v celoeurópskej konkurencii lokalít |
| 520 | |a Časť porovnávacej prognostickej štúdie Empirica Delasasse Institut v Kolíne nad Rýnom o hospodárskych perspektívach vo vyše 400 lokalitách európskeho kontinentu, v ktorej najvyššie hodnotili región hlavného mesta SR Bratislavu. | ||
| 610 | 2 | 0 | |a prognózy hospodárske |
| 610 | 2 | 0 | |a Empirica Delasasse Institut Kolín nad Rýnom |
| 610 | 2 | 0 | |a 1994 |
| 610 | 2 | 0 | |a regióny ekonomické |
| 610 | 2 | 0 | |a Európa |
| 610 | 2 | 0 | |a Bratislava |
| 610 | 2 | 0 | |a mzdy |
| 610 | 2 | 0 | |a zamestnanosť |
| 610 | 2 | 0 | |a produkcia |